Filosofía de la mente y ciencia cognitiva / (Record no. 120290)

MARC details
000 -LEADER
fixed length control field 00750nam a22002297a 4500
005 - DATE AND TIME OF LATEST TRANSACTION
control field 20160823120119.0
008 - FIXED-LENGTH DATA ELEMENTS--GENERAL INFORMATION
fixed length control field 160823b sp ||||| |||| 00| 0 spa d
020 ## - INTERNATIONAL STANDARD BOOK NUMBER
International Standard Book Number 8449301572
050 04 - LIBRARY OF CONGRESS CALL NUMBER
Classification number BF201
Item number F55 1995
245 00 - TITLE STATEMENT
Title Filosofía de la mente y ciencia cognitiva /
Statement of responsibility, etc Eduardo Rabossi comp. ; Ned Block; et al
250 ## - EDITION STATEMENT
Edition statement 1a ed.
260 ## - PUBLICATION, DISTRIBUTION, ETC. (IMPRINT)
Place of publication, distribution, etc Barcelona :
Name of publisher, distributor, etc Paidós Ibérica ; Buenos Aires : Paidós,
Date of publication, distribution, etc 1995.
300 ## - PHYSICAL DESCRIPTION
Extent 450 p. ;
Dimensions 22 cm.
490 #0 - SERIES STATEMENT
Series statement Paidós Básica,
Volume number/sequential designation 72.
504 ## - BIBLIOGRAPHY, ETC. NOTE
Bibliography, etc Incluye bibliografía e índice
650 #4 - SUBJECT ADDED ENTRY--TOPICAL TERM
Topical term or geographic name as entry element Filosofía de la mente
650 #4 - SUBJECT ADDED ENTRY--TOPICAL TERM
Topical term or geographic name as entry element Ciencia cognoscitiva.
650 #4 - SUBJECT ADDED ENTRY--TOPICAL TERM
Topical term or geographic name as entry element Ciencia cognitiva.
700 ## - ADDED ENTRY--PERSONAL NAME
Personal name Eduardo Rabossi;
Relator term comp.
700 ## - ADDED ENTRY--PERSONAL NAME
Personal name Ned Block;
Relator term comp. [et al]
942 ## - ADDED ENTRY ELEMENTS (KOHA)
Source of classification or shelving scheme Biblioteca del Cogreso de los Estados Unidos
Koha item type Libro
Holdings
Estado de pérdida Fuente de clasificación Estado del daño No para préstamo Ubicación permanente Ubicación actual Apartado o colección Fecha de adquisición Fuente de adquisición Edición Dependencia de educación superior (DES) Área del conocimiento Total Checkouts Total Renewals Clasificación Código de Barras Date last seen Date checked out Número de copia Tipo de recurso
  Biblioteca del Cogreso de los Estados Unidos     Biblioteca de la Facultad de Filosofía Biblioteca de la Facultad de Filosofía General 23/08/2016 Unidad Académica Genérico 1a ed. Humanidades Educación y Humanidades 1 1 BF201 F55 1995 BFF000018098 04/06/2024 20/05/2024 C:1 Libro